Plus Grandes Villes de France par Lettre - Q/U/W/X/Y/Z - Statistiques

Statistiques générales
  • Ce quiz a été pris 143 fois
    119 depuis la dernière actualisation
  • Le résultat moyen est 5 sur 20
Réponses sur la Carte
Les réponses sont colorées sur une échelle allant du rouge au vert en fonction du pourcentage des utilisateurs qui les ont devinées à leur premier essai. Vous pouvez retrouver ces pourcentages ci-dessous.
 
Statistiques - réponses
Population Ville % Correct
Q 63 642 Quimper
97%
Q 12 313 Quimperlé
47%
U 25 253 Les {Ulis}
40%
W 40 836 Wattrelos
40%
Y 28 699 Yerres
34%
U 9 159 Ussel
31%
W 20 836 Wasquehal
27%
U 10 543 Urrugne
26%
Q 12 081 La {Queue}-{en}-{Brie}
22%
Y 11 385 Yvetot
21%
Y 12 598 Yzeure
20%
U 12 358 L'{Union}
13%
W 15 531 Wattignies
12%
Z 2 748 Zonza
12%
Q 9 477 Quincy-sous-Sénart
10%
X 2 579 Xertigny
10%
Y 17 401 Yutz
9%
W 15 262 Wittenheim
7%
Z 2 514 Zillisheim
3%
Z 1 791 Zutkerque
1%
Aucun quiz correspondant
Distribution des résultats
% des personnes avec chaque résultat
Percentile par nombre de réponses
Votre historique - résultats
Vous n’avez pas pris ce quiz depuis la dernière actualisation